000 01141nam a22003497a 4500
003 CHAP
005 20220329135643.0
008 971013s1990 r 00010 d
010 _a39992
011 _a40964
035 _a45090
040 _cCHAP
082 _a543.5
_bH38 v.4
100 0 0 _aHaug, G.
_eed.
_953087
245 _aSynthetic pyrethroid insecticides
_b: structures and properties
260 _aBerlin :
_bSpringer - Verlag,
_c1990
300 _a241 p.
490 _aChemistry of plant protection
_v; 4
590 _aBATCH-UPD
_b10
_c20130110
_lUCH01
_h0308
590 _aBATCH-UPD
_b10
_c20130110
_lUCH01
_h1752
590 _aBATCH-UPD
_b10
_c20130409
_lUCH01
_h2340
590 _aBATCH-UPD
_b10
_c20130914
_lUCH01
_h1645
590 _aCONVERSION
_b10
_c20130109
_lUCH01
_h1322
650 1 4 _aInsecticidas
_xAnĂ¡lisis.
_958856
650 1 4 _aPesticidas
_xAnĂ¡lisis.
_987538
650 1 4 _aPiretrinas.
_988505
700 0 _aNaumann, K.
_980428
830 0 _aChemistry of plant protection
_v; 4
_922120
901 _aBK
942 _cLIBRO
949 _a543.5 H38 v.4
_bBC
_cLIBRO
_d33724000003521
_eLIBRO
_gI.174946
_h88346
_i45090
_si
_t572.91
999 _c39992
_d39992